K niektorým otázkam upevňovania pracovnej disciplíny /

Hlavní autor: Weiss, Peter, 1952-
Jazyk: Slovenština
Vydáno: Bratislava : Smena, 1984
Edice: Na pomoc lektorom a propagandistom politického vzdelávania SZM
Témata:
Fyzický popis: 40 s.
Knihy
Uloženo v:
LEADER 00770nam a22002052a 4500
001 000224894
003 CZ BrMZK
005 20041116153358.0
008 970107s1984 xo f slo d
040 |a BOA001  |b cze 
100 1 |a Weiss, Peter,  |d 1952-  |7 mzk2003200079 
245 1 0 |a K niektorým otázkam upevňovania pracovnej disciplíny /  |c Peter Weiss. 
260 |a Bratislava :  |b Smena,  |c 1984 
300 |a 40 s. 
490 1 |a Na pomoc lektorom a propagandistom politického vzdelávania SZM 
830 0 |a Na pomoc lektorom a propagandistom politického vzdelávania SZM 
910 |a BOA001  |b PK-0097.213 
964 |a Kázeň pracovní - výchova - příručky 
990 |a BK 
996 7 |b 3119907163  |c PK-0097.213  |l MZK  |r Sklad / do 1 hodiny  |n 0  |w 000224894  |u 000010  |a 1  |e BOA001  |j MZK50  |s A